Sustainable Development of Ecotourism: A ompilation of Good Practices in SMEs. (Record no. 33138)

MARC details
000 -LEADER
fixed length control field 00404nam a22001577a 4500
003 - CONTROL NUMBER IDENTIFIER
control field OSt
005 - DATE AND TIME OF LATEST TRANSACTION
control field 20220318145302.0
008 - FIXED-LENGTH DATA ELEMENTS--GENERAL INFORMATION
fixed length control field 220318b |||||||| |||| 00| 0 eng d
020 ## - INTERNATIONAL STANDARD BOOK NUMBER
International Standard Book Number 9284406218
040 ## - CATALOGING SOURCE
Transcribing agency HU
082 ## - DEWEY DECIMAL CLASSIFICATION NUMBER
Classification number 910.4 SUS 2003
100 ## - MAIN ENTRY--PERSONAL NAME
Personal name -
245 ## - TITLE STATEMENT
Title Sustainable Development of Ecotourism: A ompilation of Good Practices in SMEs.
300 ## - PHYSICAL DESCRIPTION
Extent 305p
Other physical details pc
Dimensions 30cm
942 ## - ADDED ENTRY ELEMENTS (KOHA)
Source of classification or shelving scheme Dewey Decimal Classification
Koha item type Books like text book referance book
Suppress in OPAC No
Holdings
Withdrawn status Lost status Source of classification or shelving scheme Damaged status Not for loan Collection code Home library Current library Shelving location Date acquired Total Checkouts Full call number Barcode Date last seen Copy number Price effective from Koha item type
    Dewey Decimal Classification     Reference Wondo Genet Library Wondo Genet Library General Stacks 03/18/2022   910.4 SUS 2003 WGCFNRL000014091 03/18/2022 1 03/18/2022 Books like text book referance book
    Dewey Decimal Classification     Reference Wondo Genet Library Wondo Genet Library General Stacks 03/18/2022   910.4 SUS 2003 WGCFNRL000014092 03/18/2022 2 03/18/2022 Books like text book referance book
    Dewey Decimal Classification     Reference Wondo Genet Library Wondo Genet Library General Stacks 03/18/2022   910.4 SUS 2003 WGCFNRL000014093 03/18/2022 3 03/18/2022 Books like text book referance book
    Dewey Decimal Classification     Reference Wondo Genet Library Wondo Genet Library General Stacks 03/18/2022   910.4 SUS 2003 WGCFNRL000014094 03/18/2022 4 03/18/2022 Books like text book referance book
    Dewey Decimal Classification     Reference Wondo Genet Library Wondo Genet Library General Stacks 03/18/2022   910.4 SUS 2003 WGCFNRL000014095 03/18/2022 5 03/18/2022 Books like text book referance book
    Dewey Decimal Classification     Reference Wondo Genet Library Wondo Genet Library General Stacks 03/18/2022   910.4 SUS 2003 WGCFNRL000014096 03/18/2022 6 03/18/2022 Books like text book referance book